[Event "DVM U20w 2020"]
[Site "Willingen GER"]
[Date "2021.06.25"]
[Round "3"]
[White "Peglau, Mirjam"]
[Black "Dietz, Kristin"]
[Result "0-1"]
[Termination "normal"]
[Board "1.1"]
[WhiteElo "1923"]
[BlackElo "1911"]
[WhiteClock "00:09:10"]
[BlackClock "00:09:51"]
[WhiteTeam "Schachzentrum Seeblick e. V."]
[BlackTeam "USV Halle"]
[PlyCount "122"]
[WhiteFideId "16211138"]
[BlackFideId "12993743"]
[EventCountry "GER"]
[EventRounds "7"]
[EventType "team-swiss"]
[EventDate "2021.06.23"]

1. d4 {[%clk 01:30:58]  [%emt 00:00:02]} 1... Nf6 { [%clk 01:30:54]  [%emt
00:00:07]} 2. c4 {[%clk 01:31:23]  [%emt 00:00:03]} 2... c5 {[%clk 01:31:19] 
[%emt 00:00:06]} 3. d5 {[%clk 01:31:52]  [%emt 00:00:01]} 3... b5 {[%clk
01:31:37]  [%emt 00:00:11]} 4. cxb5 { [%clk 01:32:16]  [%emt 00:00:06]} 4... a6
{[%clk 01:32:03]  [%emt 00:00:04]} 5. bxa6 {[%clk 01:32:42]  [%emt 00:00:05]}
5... g6 { [%clk 01:32:27]  [%emt 00:00:06]} 6. Nc3 {[%clk 01:33:02]  [%emt
00:00:10]} 6... Bg7 {[%clk 01:32:51]  [%emt 00:00:07]} 7. a7 { [%clk 01:33:05] 
[%emt 00:00:26]} 7... Rxa7 {[%clk 01:32:37]  [%emt 00:00:43]} 8. e4 {[%clk
01:33:18]  [%emt 00:00:17]} 8... O-O { [%clk 01:32:53]  [%emt 00:00:14]} 9. Nf3
{[%clk 01:32:56]  [%emt 00:00:52]} 9... Ba6 {[%clk 01:28:23]  [%emt 00:05:00]}
10. Bxa6 { [%clk 01:29:16]  [%emt 00:04:09]} 10... Nxa6 {[%clk 01:28:30]  [%emt
00:00:24]} 11. O-O {[%clk 01:29:27]  [%emt 00:00:19]} 11... d6 { [%clk
01:22:43]  [%emt 00:06:18]} 12. Re1 {[%clk 01:29:27]  [%emt 00:00:29]} 12...
Qa8 {[%clk 01:16:31]  [%emt 00:06:42]} 13. Nb5 { [%clk 01:24:56]  [%emt
00:05:01]} 13... Rb7 {[%clk 01:16:32]  [%emt 00:00:28]} 14. a4 {[%clk 01:25:20]
 [%emt 00:00:07]} 14... Nb4 { [%clk 01:16:06]  [%emt 00:00:56]} 15. Ra3 {[%clk
01:22:54]  [%emt 00:02:56]} 15... Nd7 {[%clk 01:15:09]  [%emt 00:01:25]} 16.
Qb3 { [%clk 01:14:11]  [%emt 00:09:15]} 16... Nb8 {[%clk 01:05:21]  [%emt
00:10:19]} 17. Bd2 {[%clk 01:10:39]  [%emt 00:04:03]} 17... N8a6 { [%clk
01:05:30]  [%emt 00:00:21]} 18. Bc3 {[%clk 01:10:24]  [%emt 00:00:45]} 18... f6
{[%clk 01:02:04]  [%emt 00:03:56]} 19. Nd2 { [%clk 01:05:39]  [%emt 00:05:14]}
19... Nd3 {[%clk 00:46:53]  [%emt 00:15:40]} 20. Re3 {[%clk 01:03:43]  [%emt
00:02:27]} 20... Nab4 { [%clk 00:45:28]  [%emt 00:01:55]} 21. Nc4 {[%emt
00:12:46]} 21... Qd8 { [%clk 00:39:52]} 22. Bd2 {[%clk 00:54:40]  [%emt
00:03:23]} 22... Nf4 { [%clk 00:29:54]  [%emt 00:10:24]} 23. Bxb4 {[%clk
00:53:44]  [%emt 00:01:29]} 23... cxb4 {[%clk 00:30:21]  [%emt 00:00:04]} 24.
Qxb4 { [%clk 00:53:36]  [%emt 00:00:39]} 24... f5 {[%clk 00:26:55]  [%emt
00:03:55]} 25. Na5 {[%clk 00:51:13]  [%emt 00:02:53]} 25... Rb6 { [%clk
00:26:59]  [%emt 00:00:25]} 26. Nc6 {[%clk 00:50:10]  [%emt 00:01:33]} 26...
Qd7 {[%clk 00:27:12]  [%emt 00:00:18]} 27. Qc4 { [%clk 00:41:31]  [%emt
00:09:09]} 27... Kh8 {[%clk 00:20:12]  [%emt 00:07:30]} 28. a5 {[%clk 00:33:29]
 [%emt 00:08:33]} 28... Rb7 { [%clk 00:07:57]  [%emt 00:12:42]} 29. a6 {[%clk
00:22:32]  [%emt 00:11:30]} 29... Rb6 {[%clk 00:08:19]  [%emt 00:00:07]} 30. a7
{ [%clk 00:22:15]  [%emt 00:00:48]} 30... Ra8 {[%clk 00:08:07]  [%emt
00:00:42]} 31. g3 {[%clk 00:14:24]  [%emt 00:08:22]} 31... Nh3+ { [%clk
00:06:13]  [%emt 00:02:24]} 32. Kg2 {[%clk 00:14:53]} 32... f4 { [%clk
00:05:40]  [%emt 00:01:03]} 33. Rf3 {[%clk 00:15:11]  [%emt 00:00:12]} 33... g5
{[%clk 00:05:18]  [%emt 00:00:52]} 34. Rfb3 { [%clk 00:12:07]  [%emt 00:03:33]}
34... g4 {[%clk 00:04:09]  [%emt 00:01:39]} 35. Nbd4 {[%clk 00:11:48]  [%emt
00:00:49]} 35... Rxb3 { [%clk 00:03:16]  [%emt 00:01:23]} 36. Rxb3 {[%clk
00:12:02]  [%emt 00:00:16]} 36... f3+ {[%clk 00:02:08]  [%emt 00:01:38]} 37.
Kf1 { [%clk 00:12:07]  [%emt 00:00:24]} 37... Rxa7 {[%clk 00:01:46]  [%emt
00:00:52]} 38. Rb8+ {[%clk 00:12:17]  [%emt 00:00:21]} 38... Bf8 { [%clk
00:02:10]  [%emt 00:00:06]} 39. Nxa7 {[%clk 00:12:26]  [%emt 00:00:20]} 39...
Qxa7 {[%clk 00:02:34]  [%emt 00:00:06]} 40. Rxf8+ { [%clk 00:12:05]  [%emt
00:00:52]} 40... Kg7 {[%clk 00:03:00]  [%emt 00:00:05]} 41. Ne6+ {[%clk
00:12:17]  [%emt 00:00:18]} 41... Kg6 { [%clk 00:03:01]  [%emt 00:00:29]} 42.
Rg8+ {[%clk 00:11:15]  [%emt 00:01:31]} 42... Kh5 {[%clk 00:01:00]  [%emt
00:02:33]} 43. Ng7+ { [%clk 00:11:06]  [%emt 00:00:39]} 43... Kg6 {[%clk
00:01:17]  [%emt 00:00:13]} 44. Ne6+ {[%clk 00:01:12]  [%emt 00:10:25]} 44...
Kh5 { [%clk 00:01:41]  [%emt 00:00:06]} 45. Ke1 {[%clk 00:24:52]  [%emt
00:06:49]} 45... Qxf2+ {[%clk 00:23:58]  [%emt 00:08:12]} 46. Kd1 { [%clk
00:25:19]  [%emt 00:00:04]} 46... Qxb2 {[%clk 00:17:56]  [%emt 00:06:32]} 47.
Nf4+ {[%clk 00:23:30]  [%emt 00:02:19]} 47... Nxf4 { [%clk 00:18:19]  [%emt
00:00:08]} 48. gxf4 {[%clk 00:23:58]} 48... Qxh2 { [%clk 00:17:34]  [%emt
00:01:15]} 49. Qf1 {[%clk 00:23:20]  [%emt 00:01:08]} 49... Qg2 {[%clk
00:16:20]  [%emt 00:01:44]} 50. Ke1 { [%clk 00:21:59]  [%emt 00:01:51]} 50...
Qg3+ {[%clk 00:14:48]  [%emt 00:02:02]} 51. Kd1 {[%clk 00:21:54]  [%emt
00:00:35]} 51... f2 { [%clk 00:13:51]  [%emt 00:01:27]} 52. Rg5+ {[%clk
00:13:40]  [%emt 00:08:43]} 52... Kh4 {[%clk 00:12:09]  [%emt 00:02:12]} 53.
Rg7 { [%clk 00:09:48]  [%emt 00:04:22]} 53... Qb3+ {[%clk 00:11:25]  [%emt
00:01:10]} 54. Ke2 {[%clk 00:09:33]  [%emt 00:00:49]} 54... Qb2+ { [%clk
00:11:39]  [%emt 00:00:16]} 55. Ke3 {[%clk 00:09:51]  [%emt 00:00:11]} 55...
Qxg7 {[%clk 00:11:56]  [%emt 00:00:13]} 56. Qxf2+ { [%clk 00:09:47]  [%emt
00:00:35]} 56... g3 {[%emt 00:00:27]} 57. Qg1 { [%clk 00:09:46]  [%emt
00:00:29]} 57... Qc3+ {[%clk 00:12:06]  [%emt 00:00:25]} 58. Ke2 {[%clk
00:10:09]  [%emt 00:00:06]} 58... Kg4 { [%clk 00:12:19]  [%emt 00:00:17]} 59.
Qh1 {[%clk 00:09:46]  [%emt 00:00:54]} 59... h5 {[%clk 00:10:45]  [%emt
00:02:04]} 60. e5 { [%clk 00:09:00]  [%emt 00:01:16]} 60... Qc2+ {[%clk
00:09:49]  [%emt 00:01:26]} 61. Ke3 {[%clk 00:09:10]  [%emt 00:00:20]} 61... g2
{ [%clk 00:09:51]  [%emt 00:00:28]} 0-1

[Event "DVM U20w 2020"]
[Site "Willingen GER"]
[Date "2021.06.25"]
[Round "3"]
[White "Pohle, Saskia"]
[Black "Peglau, Dora"]
[Result "0-1"]
[Termination "normal"]
[Board "1.2"]
[WhiteElo "1815"]
[BlackElo "1673"]
[WhiteClock "00:43:53"]
[BlackClock "00:19:42"]
[WhiteTeam "USV Halle"]
[BlackTeam "Schachzentrum Seeblick e. V."]
[PlyCount "72"]
[WhiteFideId "16201604"]
[BlackFideId "16220005"]
[EventCountry "GER"]
[EventRounds "7"]
[EventType "team-swiss"]
[EventDate "2021.06.23"]

1. e4 {[%clk 01:30:58]  [%emt 00:00:02]} 1... c6 { [%clk 01:30:53]  [%emt
00:00:06]} 2. Nc3 {[%clk 01:31:22]  [%emt 00:00:05]} 2... d5 {[%clk 01:31:16] 
[%emt 00:00:08]} 3. Nf3 { [%clk 01:31:48]  [%emt 00:00:04]} 3... dxe4 {[%clk
01:31:37]  [%emt 00:00:10]} 4. Nxe4 {[%clk 01:32:12]  [%emt 00:00:05]} 4... Nf6
{ [%clk 01:31:58]  [%emt 00:00:09]} 5. Qe2 {[%clk 01:32:33]  [%emt 00:00:09]}
5... Nxe4 {[%clk 01:32:22]  [%emt 00:00:06]} 6. Qxe4 { [%clk 01:32:58]  [%emt
00:00:05]} 6... Qd5 {[%clk 01:32:44]  [%emt 00:00:08]} 7. Qe3 {[%clk 01:30:15] 
[%emt 00:03:13]} 7... Bf5 { [%clk 01:30:53]  [%emt 00:02:21]} 8. d3 {[%clk
01:26:28]  [%emt 00:04:17]} 8... e6 {[%clk 01:29:00]  [%emt 00:02:24]} 9. Be2
{[%clk 01:26:20]  [%emt 00:00:38]} 9... Be7 {[%clk 01:26:14]  [%emt 00:03:16]}
10. O-O { [%clk 01:25:57]  [%emt 00:00:52]} 10... O-O {[%clk 01:22:23]  [%emt
00:04:21]} 11. Bd2 {[%clk 01:25:01]  [%emt 00:01:26]} 11... Nd7 { [%clk
01:20:41]  [%emt 00:02:12]} 12. c4 {[%clk 01:24:25]  [%emt 00:01:06]} 12... Qd6
{[%clk 01:18:54]  [%emt 00:02:18]} 13. d4 { [%clk 01:23:44]  [%emt 00:01:10]}
13... Nf6 {[%clk 01:17:54]  [%emt 00:01:30]} 14. Rad1 {[%clk 01:21:51]  [%emt
00:02:23]} 14... Rfd8 { [%clk 01:14:51]  [%emt 00:03:33]} 15. h3 {[%clk
01:21:10]  [%emt 00:01:10]} 15... Qc7 {[%clk 01:10:30]  [%emt 00:04:52]} 16. b3
{ [%clk 01:17:08]  [%emt 00:04:31]} 16... Ne4 {[%clk 01:07:36]  [%emt
00:03:25]} 17. Bc1 {[%clk 01:16:45]  [%emt 00:00:53]} 17... Qa5 { [%clk
01:02:31]  [%emt 00:05:36]} 18. Bd3 {[%clk 01:12:28]  [%emt 00:04:48]} 18...
Nc3 {[%clk 00:54:21]  [%emt 00:08:39]} 19. Bxf5 { [%clk 01:10:04]  [%emt
00:02:54]} 19... Nxd1 {[%clk 00:53:01]  [%emt 00:01:50]} 20. Rxd1 {[%clk
01:08:49]  [%emt 00:01:46]} 20... Qxf5 { [%clk 00:51:31]  [%emt 00:01:59]} 21.
Qe2 {[%clk 01:07:29]  [%emt 00:01:51]} 21... Bf6 {[%clk 00:48:44]  [%emt
00:03:17]} 22. Bb2 { [%clk 01:06:39]  [%emt 00:01:20]} 22... Rd7 {[%clk
00:46:31]  [%emt 00:02:43]} 23. b4 {[%clk 00:53:01]  [%emt 00:14:08]} 23...
Rad8 { [%clk 00:40:45]  [%emt 00:06:15]} 24. Bc3 {[%clk 00:50:19]  [%emt
00:03:13]} 24... e5 {[%clk 00:36:52]  [%emt 00:04:23]} 25. Qe3 { [%clk
00:49:22]  [%emt 00:01:27]} 25... Qe6 {[%clk 00:32:39]  [%emt 00:04:42]} 26.
Re1 {[%clk 00:47:19]  [%emt 00:02:34]} 26... Qxc4 { [%clk 00:25:38]  [%emt
00:07:30]} 27. dxe5 {[%clk 00:47:01]  [%emt 00:00:48]} 27... Rd3 {[%clk
00:25:22]  [%emt 00:00:48]} 28. Qe2 { [%clk 00:46:51]  [%emt 00:00:40]} 28...
Rxc3 {[%emt 00:01:50]} 29. exf6 { [%clk 00:47:10]} 29... Qxe2 {[%clk 00:24:24] 
[%emt 00:00:17]} 30. Rxe2 { [%clk 00:47:30]  [%emt 00:00:10]} 30... gxf6 {[%clk
00:23:50]  [%emt 00:01:04]} 31. Re7 {[%clk 00:47:34]  [%emt 00:00:27]} 31...
Rc1+ { [%clk 00:23:45]  [%emt 00:00:34]} 32. Kh2 {[%clk 00:47:58]  [%emt
00:00:06]} 32... Rcd1 {[%clk 00:20:18]  [%emt 00:03:57]} 33. Re4 { [%clk
00:45:57]  [%emt 00:02:31]} 33... Ra1 {[%clk 00:19:23]  [%emt 00:01:26]} 34.
Re2 {[%clk 00:46:07]  [%emt 00:00:20]} 34... Rb1 { [%clk 00:19:35]  [%emt
00:00:18]} 35. Re4 {[%clk 00:43:52]  [%emt 00:02:44]} 35... Rb2 {[%clk
00:19:46]  [%emt 00:00:20]} 36. a4 { [%clk 00:43:53]  [%emt 00:00:29]} 36...
Rxf2 {[%clk 00:19:42]  [%emt 00:00:34]} 0-1

[Event "DVM U20w 2020"]
[Site "Willingen GER"]
[Date "2021.06.25"]
[Round "3"]
[White "Stowicek, Yara Mathilda"]
[Black "Peglau, Charis"]
[Result "1-0"]
[Termination "normal"]
[Board "1.4"]
[WhiteElo "1736"]
[BlackElo "1726"]
[WhiteClock "00:29:56"]
[BlackClock "00:11:19"]
[WhiteTeam "USV Halle"]
[BlackTeam "Schachzentrum Seeblick e. V."]
[PlyCount "120"]
[WhiteFideId "16203569"]
[BlackFideId "16219996"]
[EventCountry "GER"]
[EventRounds "7"]
[EventType "team-swiss"]
[EventDate "2021.06.23"]

1. e4 {[%clk 01:30:58]  [%emt 00:00:02]} 1... c6 { [%clk 01:30:54]  [%emt
00:00:07]} 2. d4 {[%clk 01:31:18]  [%emt 00:00:10]} 2... d5 {[%clk 01:31:20] 
[%emt 00:00:04]} 3. exd5 {[%clk 01:31:39]  [%emt 00:00:08] } 3... cxd5 {[%clk
01:31:46]  [%emt 00:00:04]} 4. Bd3 { [%clk 01:31:56]  [%emt 00:00:14]} 4... Nc6
{[%clk 01:32:10]  [%emt 00:00:07]} 5. c3 {[%clk 01:32:15]  [%emt 00:00:10]}
5... Nf6 { [%clk 01:32:31]  [%emt 00:00:09]} 6. h3 {[%clk 01:32:30]  [%emt
00:00:15]} 6... g6 {[%clk 01:32:47]  [%emt 00:00:15]} 7. Nf3 {[%clk 01:32:31] 
[%emt 00:00:28]} 7... Bf5 {[%clk 01:32:50]  [%emt 00:00:27]} 8. Bf4 { [%clk
01:28:55]  [%emt 00:04:06]} 8... Bxd3 {[%clk 01:28:12]  [%emt 00:05:08]} 9.
Qxd3 {[%clk 01:29:09]  [%emt 00:00:16]} 9... Bg7 { [%clk 01:28:00]  [%emt
00:00:43]} 10. O-O {[%clk 01:28:56]  [%emt 00:00:42]} 10... O-O {[%clk
01:28:06]  [%emt 00:00:24]} 11. Nbd2 { [%clk 01:28:43]  [%emt 00:00:43]} 11...
a6 {[%clk 01:21:06]  [%emt 00:07:31]} 12. Rfe1 {[%clk 01:26:02]  [%emt
00:03:08]} 12... Qd7 { [%clk 01:09:36]  [%emt 00:12:03]} 13. Qe3 {[%clk
01:22:09]  [%emt 00:04:21]} 13... e6 {[%clk 01:06:57]  [%emt 00:03:10]} 14. Bh6
{ [%clk 01:21:51]  [%emt 00:00:46]} 14... Rfc8 {[%clk 01:05:09]  [%emt
00:02:19]} 15. Bxg7 {[%clk 01:16:35]  [%emt 00:05:46]} 15... Kxg7 { [%clk
01:05:36]  [%emt 00:00:04]} 16. Ne5 {[%clk 01:16:12]  [%emt 00:00:52]} 16...
Nxe5 {[%clk 01:04:46]  [%emt 00:01:20]} 17. dxe5 { [%clk 01:11:17]  [%emt
00:05:26]} 17... Ne8 {[%clk 01:04:59]  [%emt 00:00:18]} 18. Nb3 {[%clk
01:10:32]  [%emt 00:01:15]} 18... Nc7 { [%clk 00:59:14]  [%emt 00:06:15]} 19.
Rad1 {[%clk 01:05:33]  [%emt 00:05:28]} 19... Nb5 {[%clk 00:57:56]  [%emt
00:01:49]} 20. Nd4 { [%clk 01:03:02]  [%emt 00:03:01]} 20... Rc4 {[%clk
00:51:49]  [%emt 00:06:38]} 21. Rd3 {[%clk 00:59:56]  [%emt 00:03:35]} 21...
Rac8 { [%clk 00:50:28]  [%emt 00:01:51]} 22. Red1 {[%clk 00:59:01]  [%emt
00:01:23]} 22... Nxd4 {[%clk 00:45:12]  [%emt 00:05:47]} 23. Rxd4 { [%clk
00:59:15]  [%emt 00:00:16]} 23... Qb5 {[%clk 00:45:01]  [%emt 00:00:42]} 24.
Qg5 {[%clk 00:47:18]  [%emt 00:12:25]} 24... Rxd4 { [%clk 00:43:19]  [%emt
00:02:12]} 25. Rxd4 {[%clk 00:45:53]  [%emt 00:01:56]} 25... Qxb2 {[%clk
00:35:15]  [%emt 00:08:35]} 26. Rh4 { [%clk 00:40:38]  [%emt 00:05:41]} 26...
Qxc3 {[%clk 00:12:43]  [%emt 00:23:05]} 27. Qh6+ {[%clk 00:38:26]  [%emt
00:02:42]} 27... Kg8 { [%clk 00:13:08]  [%emt 00:00:05]} 28. Qxh7+ {[%clk
00:38:49]  [%emt 00:00:07]} 28... Kf8 {[%clk 00:13:36]  [%emt 00:00:03]} 29.
Qh8+ { [%clk 00:38:56]  [%emt 00:00:22]} 29... Ke7 {[%clk 00:14:02]  [%emt
00:00:05]} 30. Qf6+ {[%clk 00:39:17]  [%emt 00:00:08]} 30... Kd7 { [%clk
00:14:25]  [%emt 00:00:08]} 31. Qxf7+ {[%clk 00:39:18]  [%emt 00:00:28]} 31...
Kc6 {[%clk 00:14:49]  [%emt 00:00:07]} 32. Qxe6+ { [%clk 00:39:33]  [%emt
00:00:15]} 32... Kb5 {[%clk 00:15:08]  [%emt 00:00:11]} 33. Qxd5+ {[%clk
00:39:28]  [%emt 00:00:34]} 33... Rc5 { [%clk 00:14:15]  [%emt 00:01:24]} 34.
Qxb7+ {[%clk 00:38:29]  [%emt 00:01:28]} 34... Ka5 {[%clk 00:14:40]  [%emt
00:00:05]} 35. Qe4 { [%clk 00:34:37]  [%emt 00:04:20]} 35... Rxe5 {[%clk
00:10:26]  [%emt 00:04:47]} 36. Qa4+ {[%clk 00:33:32]  [%emt 00:01:32]} 36...
Kb6 { [%clk 00:10:52]  [%emt 00:00:05]} 37. Qb4+ {[%clk 00:25:14]  [%emt
00:08:49]} 37... Qxb4 {[%clk 00:11:17]  [%emt 00:00:05]} 38. Rxb4+ { [%clk
00:25:40]  [%emt 00:00:04]} 38... Kc5 {[%clk 00:09:33]  [%emt 00:02:14]} 39.
Rb2 {[%clk 00:25:13]  [%emt 00:00:57]} 39... Re6 { [%clk 00:09:28]  [%emt
00:00:35]} 40. f4 {[%clk 00:23:32]  [%emt 00:02:10]} 40... Re4 {[%clk 00:07:24]
 [%emt 00:02:34]} 41. Rf2 { [%clk 00:22:50]  [%emt 00:01:11]} 41... Kd6 {[%clk
00:06:43]  [%emt 00:01:13]} 42. f5 {[%clk 00:21:46]  [%emt 00:01:35]} 42...
gxf5 { [%clk 00:06:14]  [%emt 00:00:59]} 43. Rxf5 {[%clk 00:22:05]  [%emt
00:00:10]} 43... Ra4 {[%clk 00:06:32]  [%emt 00:00:12]} 44. Rf2 { [%clk
00:22:10]  [%emt 00:00:24]} 44... Ke6 {[%clk 00:06:44]  [%emt 00:00:20]} 45. g4
{[%clk 00:21:33]  [%emt 00:01:06]} 45... Ra3 { [%clk 00:04:14]  [%emt
00:03:00]} 46. Kg2 {[%clk 00:21:42]  [%emt 00:00:21]} 46... Ke7 {[%emt
00:02:47]} 47. g5 {[%clk 00:21:25]  [%emt 00:00:47]} 47... Rd3 {[%clk 00:30:23]
 [%emt 00:02:05]} 48. h4 {[%clk 00:51:17]  [%emt 00:00:37]} 48... Rc3 {[%clk
00:29:19]  [%emt 00:01:35]} 49. g6 { [%clk 00:49:21]  [%emt 00:02:24]} 49...
Rc6 {[%clk 00:28:28]  [%emt 00:01:21]} 50. h5 {[%clk 00:34:35]  [%emt
00:15:16]} 50... Rc5 { [%clk 00:26:38]  [%emt 00:02:21]} 51. h6 {[%clk
00:30:22]  [%emt 00:04:41]} 51... Rg5+ {[%clk 00:26:30]  [%emt 00:00:39]} 52.
Kf3 { [%clk 00:30:40]  [%emt 00:00:11]} 52... Rxg6 {[%clk 00:26:50]  [%emt
00:00:11]} 53. h7 {[%clk 00:30:57]  [%emt 00:00:13]} 53... Rh6 { [%clk
00:27:07]  [%emt 00:00:14]} 54. Rb2 {[%clk 00:31:20]  [%emt 00:00:06]} 54...
Kf8 {[%clk 00:21:47]  [%emt 00:05:50]} 55. Rb7 { [%clk 00:30:21]  [%emt
00:01:29]} 55... Rh1 {[%clk 00:19:03]  [%emt 00:03:14]} 56. Ke4 {[%clk
00:30:18]  [%emt 00:00:32]} 56... a5 { [%clk 00:13:01]  [%emt 00:06:34]} 57. a4
{[%clk 00:29:44]  [%emt 00:01:03]} 57... Rh4+ {[%clk 00:10:57]  [%emt
00:02:33]} 58. Kd5 { [%clk 00:29:49]  [%emt 00:00:25]} 58... Rh5+ {[%clk
00:11:07]  [%emt 00:00:21]} 59. Kc6 {[%clk 00:29:42]  [%emt 00:00:36]} 59...
Rh6+ { [%clk 00:11:19]  [%emt 00:00:19]} 60. Kb5 {[%clk 00:29:56]  [%emt
00:00:16]} 60... Re6 {[%emt 00:03:24]} 1-0

[Event "DVM U20w 2020"]
[Site "Willingen GER"]
[Date "2021.06.25"]
[Round "3"]
[White "Reinecke, Katharina"]
[Black "Arnhold, Steffi"]
[Result "0-1"]
[Termination "normal"]
[Board "2.1"]
[WhiteElo "1950"]
[BlackElo "2031"]
[WhiteClock "00:10:48"]
[BlackClock "00:23:03"]
[WhiteTeam "SK Langen"]
[BlackTeam "SC Bavaria Regensburg von 1881 e.V."]
[PlyCount "44"]
[WhiteFideId "12929727"]
[BlackFideId "12931365"]
[EventCountry "GER"]
[EventRounds "7"]
[EventType "team-swiss"]
[EventDate "2021.06.23"]

1. d4 {[%clk 01:30:57]  [%emt 00:00:03]} 1... Nf6 { [%clk 01:30:53]  [%emt
00:00:06]} 2. Nf3 {[%clk 01:31:14]  [%emt 00:00:13]} 2... c5 {[%clk 01:31:15] 
[%emt 00:00:08]} 3. c4 { [%clk 01:31:32]  [%emt 00:00:12]} 3... cxd4 {[%clk
01:31:32]  [%emt 00:00:13]} 4. Nxd4 {[%clk 01:31:55]  [%emt 00:00:07]} 4... e5
{ [%clk 01:30:19]  [%emt 00:01:43]} 5. Nb5 {[%clk 01:29:02]  [%emt 00:03:23]}
5... d5 {[%clk 01:30:36]  [%emt 00:00:13]} 6. cxd5 { [%clk 01:27:49]  [%emt
00:01:42]} 6... Bc5 {[%clk 01:30:54]  [%emt 00:00:12]} 7. e3 {[%clk 01:23:12] 
[%emt 00:05:06]} 7... O-O { [%clk 01:30:26]  [%emt 00:00:59]} 8. Be2 {[%clk
01:19:50]  [%emt 00:03:52]} 8... e4 {[%clk 01:26:29]  [%emt 00:04:26]} 9. N1c3
{ [%clk 01:10:25]  [%emt 00:09:55]} 9... Bf5 {[%clk 01:23:58]  [%emt 00:03:02]}
10. O-O {[%clk 01:07:20]  [%emt 00:03:35]} 10... Qe7 { [%clk 01:17:31]  [%emt
00:06:58]} 11. a3 {[%clk 00:52:55]  [%emt 00:14:54]} 11... Rd8 {[%clk 01:13:26]
 [%emt 00:04:35]} 12. b4 { [%clk 00:48:50]  [%emt 00:04:35]} 12... Bd6 {[%clk
01:11:12]  [%emt 00:02:45]} 13. Nxd6 {[%clk 00:39:45]  [%emt 00:09:35]} 13...
Rxd6 { [%clk 01:05:12]  [%emt 00:06:30]} 14. Qb3 {[%clk 00:36:12]  [%emt
00:04:02]} 14... Na6 {[%clk 00:51:40]  [%emt 00:14:02]} 15. a4 { [%clk
00:26:04]  [%emt 00:10:38]} 15... Ng4 {[%clk 00:41:40]  [%emt 00:10:30]} 16. f3
{[%clk 00:18:41]  [%emt 00:07:54]} 16... exf3 { [%clk 00:31:44]  [%emt
00:10:26]} 17. Bxf3 {[%clk 00:17:59]  [%emt 00:01:12]} 17... Qe5 {[%clk
00:25:01]  [%emt 00:07:13]} 18. g3 { [%clk 00:13:05]  [%emt 00:05:25]} 18...
Nxh2 {[%clk 00:22:02]  [%emt 00:03:29]} 19. Kxh2 {[%clk 00:11:58]  [%emt
00:01:36]} 19... Rh6+ { [%clk 00:22:20]  [%emt 00:00:11]} 20. Kg1 {[%clk
00:10:19]  [%emt 00:02:10]} 20... Qxg3+ {[%clk 00:22:41]  [%emt 00:00:09]} 21.
Bg2 { [%clk 00:10:27]  [%emt 00:00:21]} 21... Qh2+ {[%clk 00:22:44]  [%emt
00:00:27]} 22. Kf2 {[%clk 00:10:48]  [%emt 00:00:09]} 22... Bh3 { [%clk
00:23:03]  [%emt 00:00:11]} 0-1